000 00563nam a2200169Ia 4500
003 OSt
005 20200911120910.0
008 190216s9999||||xx |||||||||||||| ||und||
020 _a0074622455
040 _coclc
082 _a621.38173
_bMIL/I
100 _aMillman, Jacob
_94522
245 0 _aIntegrated Electronics :
_bAnalog And Digital Circuits And Systems /
_cJacob Millman ; Christos C Halkias
260 _bTata Mcgrawhill Publishers,
_c2001.
_aNew Delhi:
300 _a910p
942 _cBK
_2ddc
_h621.38173
_iMIL/I
_k621.38173
_mMIL/I
999 _c33504
_d33504